Systémovosť a úloha ekonomických agentov

Reálne stratégie pre virtuálne organizácie sa v informačnej revolúcii prejavujú v orientácii na interakciu so zákazníkom, vo virtuálnych zdrojoch, ktoré firmy požadujú a v znalostiach. Vytvára sa tak nový model podnikania a virtuálna organizácia ako strategický prístup umožňuje vytvoriť kľúčové inte...

Descrizione completa

Salvato in:
Dettagli Bibliografici
Autore principale: Zajac, Jaroslav
Natura: Capitolo di libro
Lingua:slovacco
Soggetti:
Tags: Aggiungi Tag
Nessun Tag, puoi essere il primo ad aggiungerne!!

MARC

LEADER 00000naa$a2200000$$$4500
001 0027525
005 20220420114042.3
041 0 |a slo 
044 |a SK 
245 1 0 |a Systémovosť a úloha ekonomických agentov  |c Jaroslav Zajac 
520 |a Reálne stratégie pre virtuálne organizácie sa v informačnej revolúcii prejavujú v orientácii na interakciu so zákazníkom, vo virtuálnych zdrojoch, ktoré firmy požadujú a v znalostiach. Vytvára sa tak nový model podnikania a virtuálna organizácia ako strategický prístup umožňuje vytvoriť kľúčové intelektuálne a znalostné aktíva, ktoré sú cielené, aktíva v komplexnej sieti vzťahov. Vytvára sa tak nová architektúra vzťahov, čo ovplyvňuje využitie informačných technológií na nové organizačné štruktúry. Simulačné modely technologických inovácií. Výber agentov pomocou evolučných algiritmov. Simulácie podnikania agentov. 
610 2 0 |a organizácie 
610 2 0 |a firmy 
610 2 0 |a technológie informačné 
610 2 0 |a inovácia 
610 2 0 |a technológia 
610 2 0 |a modely simulačné 
610 2 0 |a technológie nové 
610 2 0 |a ekonomika nová 
100 1 |a Zajac, Jaroslav